000 00832nam a2200229Ia 4500
005 20260128094256.0
008 210716s2017 xx 000 0 und d
020 _a9789385923579
040 _cAIMIT LIBRARY
041 _aeng
082 _a332.175
_21
_bGEOA
100 _aGeorge, Ajimon.
_9252886
245 _aInternet banking :
_btheoretical and practical exploration /
_cBy Ajimon George and G S Gireesh Kumar.
250 _a1st ed.
260 _aNew Delhi :
_bNew Age International Pvt Ltd ,
_c2017.
300 _axiv,203p. ;
_bPB
_c24.7 cm
650 _aInternet banking- concepts and related literature
_9252887
650 _aRisk and security in internet banking
_9252888
650 _aSummary of findings and implication
_9252889
700 _aKumar, G S Gireesh.
_9252890
942 _2ddc
_cBK
_i1st
_k332.175 GEOA
999 _c195563
_d195563